MARC details
| 000 -LEADER |
| fixed length control field |
03346nam a22005177a 4500 |
| 001 - CONTROL NUMBER |
| control field |
019233097 |
| 003 - CONTROL NUMBER IDENTIFIER |
| control field |
TZ-ArACH |
| 005 - DATE AND TIME OF LATEST TRANSACTION |
| control field |
20251107150519.0 |
| 006 - FIXED-LENGTH DATA ELEMENTS--ADDITIONAL MATERIAL CHARACTERISTICS--GENERAL INFORMATION |
| fixed length control field |
m || d | |
| 007 - PHYSICAL DESCRIPTION FIXED FIELD--GENERAL INFORMATION |
| fixed length control field |
cr ||||||||||| |
| 008 - FIXED-LENGTH DATA ELEMENTS--GENERAL INFORMATION |
| fixed length control field |
190131s2019 sz ob 000 0aeng d |
| 015 ## - NATIONAL BIBLIOGRAPHY NUMBER |
| National bibliography number |
GBB928376 |
| Source |
bnb |
| 020 ## - INTERNATIONAL STANDARD BOOK NUMBER |
| International Standard Book Number |
9783030023089 |
| Qualifying information |
(electronic bk.) |
| 020 ## - INTERNATIONAL STANDARD BOOK NUMBER |
| International Standard Book Number |
9783030023072 |
| Qualifying information |
(electronic bk.) |
| 037 ## - SOURCE OF ACQUISITION |
| Stock number |
com.springer.onix.9783030023089 |
| Source of stock number/acquisition |
Springer Nature |
| 040 ## - CATALOGING SOURCE |
| Original cataloging agency |
N$T |
| Language of cataloging |
eng |
| Transcribing agency |
TZ-ArACH |
| Modifying agency |
N$T |
| -- |
Uk |
| Description conventions |
rda |
| -- |
pn |
| 042 ## - AUTHENTICATION CODE |
| Authentication code |
ukblsr |
| 050 #4 - LIBRARY OF CONGRESS CALL NUMBER |
| Classification number |
KJC3716 |
| Item number |
.B38 2019 |
| 072 #7 - SUBJECT CATEGORY CODE |
| Subject category code |
BIO |
| Subject category code subdivision |
020000 |
| Source |
bisacsh |
| 072 #7 - SUBJECT CATEGORY CODE |
| Subject category code |
LAW |
| Subject category code subdivision |
101000 |
| Source |
bisacsh |
| 072 #7 - SUBJECT CATEGORY CODE |
| Subject category code |
LAW |
| Subject category code subdivision |
044000 |
| Source |
bisacsh |
| 072 #7 - SUBJECT CATEGORY CODE |
| Subject category code |
LAW |
| Subject category code subdivision |
052000 |
| Source |
bisacsh |
| 072 #7 - SUBJECT CATEGORY CODE |
| Subject category code |
LAW |
| Subject category code subdivision |
071000 |
| Source |
bisacsh |
| 072 #7 - SUBJECT CATEGORY CODE |
| Subject category code |
LAW |
| Subject category code subdivision |
098000 |
| Source |
bisacsh |
| 072 #7 - SUBJECT CATEGORY CODE |
| Subject category code |
LAW |
| Subject category code subdivision |
079000 |
| Source |
bisacsh |
| 100 1# - MAIN ENTRY--PERSONAL NAME |
| Personal name |
Baudenbacher, Carl |
| Relator term |
author. |
| 9 (RLIN) |
3098 |
| 245 10 - TITLE STATEMENT |
| Title |
Judicial Independence: |
| Remainder of title |
Memoirs of a European Judge |
| Statement of responsibility, etc |
Carl Baudenbacher |
| 260 ## - PUBLICATION, DISTRIBUTION, ETC. (IMPRINT) |
| Place of publication, distribution, etc |
Switzerland: |
| Name of publisher, distributor, etc |
Springer; |
| Date of publication, distribution, etc |
2019. |
| 300 ## - PHYSICAL DESCRIPTION |
| Extent |
xxxix, 520 p.: |
| 490 1# - SERIES STATEMENT |
| Series statement |
Springer biographies |
| 504 ## - BIBLIOGRAPHY, ETC. NOTE |
| Bibliography, etc |
Includes bibliographical references. |
| 505 0# - FORMATTED CONTENTS NOTE |
| Formatted contents note |
Preface,-Prologue.-Chapter 1: My pre-court life,-Chapter 2: EFTA Court judge by chance,- Chapter 3: The EEA – One area with two courts,- Chapter 4: The legacy of the five-member Court,- Chapter 5: Resurrection from the dead,- Chapter 6: The Member States – an unholy alliance,-Chapter 7: ESA – the great negotiator,-Chapter 8: Preliminary references – all options open?,- Chapter 9: A matter of interpretation, - Chapter 10: War over constitutional principles,- Chapter 11: Two early landmark cases: Veronika's struggle and enriched cereals,- Chapter 12: Fundamental rights – the EFTA Court amends the law,- Chapter 13: Putting the EFTA Court on the map,- Chapter 14: The economics of EEA Single Market law,- Chapter 15: Fundamental freedoms and the cursed proportionality test,- Chapter 16: Competition law – a rare pleasure,- Chapter 17: State aid law – a mixed pleasure,- Chapter 18: Secondary law – a wide sphere,- Chapter 19: Free movement of persons and social policy,- Chapter 20: Where's the beef?,- Chapter 21: Judicial dialogue between the ECJ and the EFTA Court,- Chapter 22: The Norwegian social model on the brink of downfall?,- Chapter 23: The failed decapitation of Kong Carl,- Chapter 24: 'Room for manoeuvre' for Norway!,- Chapter 25: The Icesave saga,- Chapter 26: Gunfight at the Oslo corral,- Chapter 27: Working methods and judicial style,- Chapter 28: Attack on the EFTA Court's integrity,- Chapter 29: The Commission – The EFTA Court's patron saint?,- Chapter 30: Switzerland – from EU-phobia to EU-philia?,- Chapter 31: Brexit – No to an 'ever closer Union',- Chapter 32: 'Two souls in Europe's breast",- Epilogue. |
| 600 10 - SUBJECT ADDED ENTRY--PERSONAL NAME |
| Personal name |
Baudenbacher, Carl. |
| 9 (RLIN) |
3098 |
| 610 20 - SUBJECT ADDED ENTRY--CORPORATE NAME |
| Corporate name or jurisdiction name as entry element |
EFTA Court. |
| 650 #0 - SUBJECT ADDED ENTRY--TOPICAL TERM |
| Topical term or geographic name as entry element |
Judges |
| Geographic subdivision |
Europe |
| Form subdivision |
Biography. |
| 650 #7 - SUBJECT ADDED ENTRY--TOPICAL TERM |
| Topical term or geographic name as entry element |
BIOGRAPHY & AUTOBIOGRAPHY / Lawyers & Judges. |
| Source of heading or term |
bisacsh |
| 650 #7 - SUBJECT ADDED ENTRY--TOPICAL TERM |
| Topical term or geographic name as entry element |
LAW / Essays. |
| Source of heading or term |
bisacsh |
| 650 #7 - SUBJECT ADDED ENTRY--TOPICAL TERM |
| Topical term or geographic name as entry element |
LAW / General Practice. |
| Source of heading or term |
bisacsh |
| 650 #7 - SUBJECT ADDED ENTRY--TOPICAL TERM |
| Topical term or geographic name as entry element |
LAW / Jurisprudence. |
| Source of heading or term |
bisacsh |
| 650 #7 - SUBJECT ADDED ENTRY--TOPICAL TERM |
| Topical term or geographic name as entry element |
LAW / Paralegals & Paralegalism. |
| Source of heading or term |
bisacsh |
| 650 #7 - SUBJECT ADDED ENTRY--TOPICAL TERM |
| Topical term or geographic name as entry element |
LAW / Practical Guides. |
| Source of heading or term |
bisacsh |
| 650 #7 - SUBJECT ADDED ENTRY--TOPICAL TERM |
| Topical term or geographic name as entry element |
LAW / Reference. |
| Source of heading or term |
bisacsh |
| 655 #4 - INDEX TERM--GENRE/FORM |
| Genre/form data or focus term |
Electronic books. |
| 830 #0 - SERIES ADDED ENTRY--UNIFORM TITLE |
| Uniform title |
Springer biographies. |
| 942 ## - ADDED ENTRY ELEMENTS (KOHA) |
| Source of classification or shelving scheme |
Library of Congress Classification |
| Koha item type |
Books |